• AIU
  • Tony Wilmot Memorial Library

Tûthoomeeni Kîîtharaka : îbuku rîa kîraci kîa Biîrî = Let's read Kîîtharaka : STD 2 primer / (Record no. 45343)

MARC details
000 -LEADER
fixed length control field 00908nam a22002417a 4500
003 - CONTROL NUMBER IDENTIFIER
control field OSt
005 - DATE AND TIME OF LATEST TRANSACTION
control field 20110718134511.0
008 - FIXED-LENGTH DATA ELEMENTS--GENERAL INFORMATION
fixed length control field 100405t xxu||||| |||| 00| 0 eng d
020 ## - INTERNATIONAL STANDARD BOOK NUMBER
International Standard Book Number 9966001069
040 ## - CATALOGING SOURCE
Original cataloging agency NEGST Library - Kenya
Transcribing agency NEGST Library - Kenya
Modifying agency NEGST Library - Kenya
050 14 - LIBRARY OF CONGRESS CALL NUMBER
Classification number PL 8732.52
Item number .T88 2006 VOL.2
245 ## - TITLE STATEMENT
Title Tûthoomeeni Kîîtharaka : îbuku rîa kîraci kîa Biîrî = Let's read Kîîtharaka : STD 2 primer /
Statement of responsibility, etc compilor: Zacchaeus Kibiubi; editor: Susan Nyagah.
250 ## - EDITION STATEMENT
Edition statement Rev. trial ed.
260 ## - PUBLICATION, DISTRIBUTION, ETC. (IMPRINT)
Place of publication, distribution, etc Nairobi, Kenya :
Name of publisher, distributor, etc Bible Translation and Literacy,
Date of publication, distribution, etc c2003.
300 ## - PHYSICAL DESCRIPTION
Extent iv, 64 p. :
Other physical details ill.
500 ## - GENERAL NOTE
General note In English and Tharaka.
500 ## - GENERAL NOTE
General note "New syllabus" - cover.
500 ## - GENERAL NOTE
General note [Africana].
650 ## - SUBJECT ADDED ENTRY--TOPICAL TERM
Topical term or geographic name as entry element Tharaka language
General subdivision Texts.
9 (RLIN) 2977
650 ## - SUBJECT ADDED ENTRY--TOPICAL TERM
Topical term or geographic name as entry element Tharaka language
General subdivision Study and teaching (Elementary).
9 (RLIN) 2978
700 1# - ADDED ENTRY--PERSONAL NAME
Personal name Nyagah, Susan.
9 (RLIN) 2979
942 ## - ADDED ENTRY ELEMENTS (KOHA)
Source of classification or shelving scheme Library of Congress Classification
Koha item type Books
Holdings
Withdrawn status Lost status Source of classification or shelving scheme Damaged status Not for loan Collection code Home library Current library Shelving location Date acquired Source of acquisition Cost, normal purchase price Full call number Barcode Date last seen Copy number Price effective from Koha item type
    Library of Congress Classification     General Circulation AIU/NEGST - Tony Wilmot Memorial Library AIU/NEGST - Tony Wilmot Memorial Library General Stacks 04/05/2010 Donation - BTL 5.00 PL 8732.52.T88 2006 VOL.2 R40796N3232 09/26/2019 1 04/05/2010 Africana collection (General)